000 00836nam a2200241 i 4500
003 DO-SdBNP
005 20250728095915.0
007 ta
008 250311s1999 dr 000 0 spa d
040 _aDO-SdBNP
_bspa
_cBNPHU
_erda
082 _axxxx
_bR426
_222
110 1 _aRepública Dominicana.
_b Secretaria de Estado de Salud Pública y Asistencia Social
_956549
245 1 0 _aNormas técnico administrativas del programa nacional de atención integral a la salud de los y las adolescentes :
_c(PRONAISA) /
260 _aSanto Domingo :
_bSESPAS,
_c1999
300 _a67 páginas
_c22 cm.
336 _atexto
_btxt
_2rdacontent
337 _asin mediación
_bn
_2rdamedia
338 _avolumen
_bnc
_2rdacarrier
504 _aBibliografía p: 59-60.
590 _aInventariado, 2025/ YL
910 _aYLockward
942 _2ddc
_cLBS1
999 _c58374
_d58374